|
|
|
|
| LEADER |
00000nam2a2200000 4500 |
| 001 |
103062 |
| 005 |
20231101214449.0 |
| 010 |
|
|
|a 5478000116
|
| 035 |
|
|
|a (RuTPU)RU\TPU\book\111119
|
| 035 |
|
|
|a RU\TPU\book\102927
|
| 090 |
|
|
|a 103062
|
| 100 |
|
|
|a 20061011d2004 m y0rusy50 ca
|
| 101 |
0 |
|
|a rus
|a jpn
|
| 102 |
|
|
|a RU
|
| 105 |
|
|
|a a j 000zy
|
| 200 |
0 |
|
|a Т. 1: уроки 1-20
|
| 210 |
|
|
|d 2004
|
| 215 |
|
|
|a 288 с.
|c ил.
|e кассета
|
| 330 |
|
|
|a Предлагаемый учебник содержит сведения, которые обычно определяются как базисные при изучении японского языка. Это — основы японской письменности, фонетики и грамматики. Материал учебника построен на страноведческой тематике. Форма и типы упражнений способствуют развитию в первую очередь навыков устной речи. Учебник предназначен для изучения японского языка в средней школе. Он может быть использован на начальном этапе обучения в высших учебных заведениях или для самостоятельного овладения языком, а также в непрофильных вузах с изучением японского языка.
|
| 451 |
|
1 |
|0 (RuTPU)RU\TPU\book\30972
|y 5-8463-0062-6
|t Читаем, пишем, говорим по-японски
|o учебник для средней школы
|f Е. В. Стругова, Н. С. Шефтелевич
|c Москва
|n Муравей-Гайд
|d 2000
|p 368 с.
|a Стругова, Елена Викторовна
|
| 461 |
|
1 |
|0 (RuTPU)RU\TPU\book\111722
|y 5-478-00010-8
|t Читаем, пишем, говорим по-японски
|o учебное пособие: в 2 т.
|f Е. В. Стругова, Н. С. Шефтелевич
|g Московский государственный университет им. М. В. Ломоносова; Институт стран Азии и Африки
|v Т. 1: уроки 1-20
|e 3-е изд., испр. и доп.
|d 2004-
|
| 606 |
1 |
|
|a Японский язык
|2 stltpush
|3 (RuTPU)RU\TPU\subj\21832
|9 46762
|
| 610 |
1 |
|
|a письменность
|
| 610 |
1 |
|
|a фонетика
|
| 610 |
1 |
|
|a грамматика
|
| 610 |
1 |
|
|a лексика
|
| 610 |
1 |
|
|a чтение
|
| 610 |
1 |
|
|a страноведение
|
| 610 |
1 |
|
|a разговорная речь
|
| 610 |
1 |
|
|a учебные пособия
|
| 686 |
|
|
|a Ш175.12-923
|v LBC/SL-A
|2 rubbk
|
| 801 |
|
1 |
|a RU
|b 63413507
|c 20060510
|g PSBO
|
| 801 |
|
2 |
|a RU
|b 63413507
|c 20181129
|g PSBO
|
| 900 |
|
|
|a Иностранный язык
|
| 942 |
|
|
|c BK
|
| 951 |
|
|
|b 032300
|b 032301
|b 031200
|
| 959 |
|
|
|a 31/20060510
|d 2
|e 495
|f ИЯ:2
|